[Event "Nationale pupillendag 2013"]
[Site "Roosendaal"]
[Date "2013.06.15"]
[Round "2.18"]
[White "Kooistra, Marthijn"]
[Black "Honkoop, Stella"]
[Result "0-1"]
[LiveChessVersion "1.4.2"]
[BlackElo "377"]
[WhiteElo "108"]

1. e4 {[%clk 0:19:59]} e5 {[%clk 0:19:59]} 2. Bc4 {[%clk 0:19:57]} Nf6
{[%clk 0:19:57]} 3. Nc3 {[%clk 0:19:52]} Nc6 {[%clk 0:19:53]} 4. Nf3
{[%clk 0:19:48]} Bc5 {[%clk 0:19:49]} 5. O-O {[%clk 0:19:40]} O-O
{[%clk 0:19:44]} 6. Nb5 {[%clk 0:19:25]} d5 {[%clk 0:19:30]} 7. Bb3
{[%clk 0:19:20]} dxe4 {[%clk 0:19:25]} 8. Ng5 {[%clk 0:19:08]} Bf5
{[%clk 0:19:01]} 9. Bxf7+ {[%clk 0:18:45]} Kh8 {[%clk 0:18:51]} 10. Be6
{[%clk 0:18:33]} Bg4 {[%clk 0:17:58]} 11. f3 {[%clk 0:18:30]} exf3+
{[%clk 0:17:49]} 12. gxf3 {[%clk 0:18:25]} Qd6+ {[%clk 0:17:34]} 0-1

[Event "Nationale pupillendag 2013"]
[Site "Roosendaal"]
[Date "2013.06.15"]
[Round "3.1"]
[White "Muntean, Victor"]
[Black "Van Houdt, Björn"]
[Result "1-0"]
[LiveChessVersion "1.4.2"]
[BlackElo "648"]
[WhiteElo "961"]

1. e4 {[%clk 0:19:59]} e5 {[%clk 0:19:59]} 2. d4 {[%clk 0:19:56]} Nf6
{[%clk 0:19:47]} 3. dxe5 {[%clk 0:19:49]} Nxe4 {[%clk 0:19:42]} 4. Bd3
{[%clk 0:19:45]} Nc5 {[%clk 0:19:38]} 5. Be3 {[%clk 0:19:43]} Nxd3+
{[%clk 0:19:36]} 6. Qxd3 {[%clk 0:19:40]} Nc6 {[%clk 0:19:33]} 7. Nc3
{[%clk 0:19:35]} Bb4 {[%clk 0:19:23]} 8. Nf3 {[%clk 0:19:30]} Bxc3+
{[%clk 0:19:18]} 9. Qxc3 {[%clk 0:19:27]} d6 {[%clk 0:19:11]} 10. exd6
{[%clk 0:19:25]} cxd6 {[%clk 0:19:07]} 11. Qxg7 {[%clk 0:19:19]} Rf8
{[%clk 0:18:58]} 12. Bh6 {[%clk 0:19:14]} Qe7+ {[%clk 0:18:53]} 13. Kf1
{[%clk 0:19:08]} Be6 {[%clk 0:18:42]} 14. Bg5 {[%clk 0:18:58]} Qd7
{[%clk 0:18:39]} 15. Kg1 {[%clk 0:18:24]} f6 {[%clk 0:18:22]} 16. Bxf6
{[%clk 0:18:16]} Qxg7 {[%clk 0:18:14]} 17. Bxg7 {[%clk 0:18:14]} Rg8
{[%clk 0:18:11]} 18. Ng5 {[%clk 0:18:00]} O-O-O {[%clk 0:18:04]} 19. Nxe6
{[%clk 0:17:56]} Rd7 {[%clk 0:17:54]} 20. Bc3 {[%clk 0:17:48]} h5
{[%clk 0:17:42]} 21. Nf4 {[%clk 0:17:45]} h4 {[%clk 0:17:39]} 22. Re1
{[%clk 0:17:34]} Rf7 {[%clk 0:17:32]} 23. Nh3 {[%clk 0:17:23]} Ne5
{[%clk 0:17:24]} 24. Bxe5 {[%clk 0:17:18]} dxe5 {[%clk 0:17:22]} 25. Rxe5
{[%clk 0:17:12]} Rd7 {[%clk 0:17:14]} 26. g3 {[%clk 0:17:10]} hxg3
{[%clk 0:17:06]} 27. hxg3 {[%clk 0:17:07]} Rd1+ {[%clk 0:16:57]} 28. Kg2
{[%clk 0:17:04]} Rd2 {[%clk 0:16:43]} 29. Rhe1 {[%clk 0:16:59]} Rgd8
{[%clk 0:16:21]} 30. Re8 {[%clk 0:16:55]} R2d7 {[%clk 0:16:16]} 31. Rxd8+
{[%clk 0:16:52]} Rxd8 {[%clk 0:16:13]} 32. Nf4 {[%clk 0:16:49]} Rg8
{[%clk 0:16:06]} 33. Nd5 {[%clk 0:16:46]} Rg5 {[%clk 0:15:52]} 34. Nf4
{[%clk 0:16:34]} Rg8 {[%clk 0:15:27]} 35. c4 {[%clk 0:16:30]} Kc7
{[%clk 0:15:25]} 36. Nd5+ {[%clk 0:16:28]} Kd6 {[%clk 0:15:21]} 37. b4
{[%clk 0:16:26]} Rc8 {[%clk 0:15:09]} 38. Rd1 {[%clk 0:16:17]} Rh8
{[%clk 0:14:47]} 39. c5+ {[%clk 0:16:13]} Kc6 {[%clk 0:14:43]} 40. Ne7+ Kc7
{[%clk 0:14:34]} 41. b5 {[%clk 0:15:58]} Re8 {[%clk 0:14:27]} 42. Nd5+
{[%clk 0:15:52]} Kb8 {[%clk 0:14:17]} 43. c6 {[%clk 0:15:49]} bxc6
{[%clk 0:14:10]} 44. bxc6 {[%clk 0:15:47]} Kc8 {[%clk 0:13:58]} 45. Rb1
{[%clk 0:15:39]} Re1 {[%clk 0:13:28]} 46. Rxe1 {[%clk 0:15:31]} a5
{[%clk 0:13:21]} 47. Re8# 1-0

[Event "Nationale pupillendag 2013"]
[Site "Roosendaal"]
[Date "2013.06.15"]
[Round "3.2"]
[White "Janse, Circe"]
[Black "Smith, Everett"]
[Result "1-0"]
[LiveChessVersion "1.4.2"]
[BlackElo "853"]
[WhiteElo "585"]

1. e4 {[%clk 0:19:58]} e5 {[%clk 0:19:57]} 2. Nf3 {[%clk 0:19:56]} Nc6
{[%clk 0:19:56]} 3. d4 {[%clk 0:19:54]} exd4 {[%clk 0:19:51]} 4. Nxd4
{[%clk 0:19:51]} Bc5 {[%clk 0:19:49]} 5. Be3 {[%clk 0:19:49]} Qf6
{[%clk 0:19:45]} 6. Nb5 {[%clk 0:19:47]} Bxe3 {[%clk 0:19:14]} 7. fxe3
{[%clk 0:19:44]} Qxb2 {[%clk 0:17:57]} 8. N1c3 {[%clk 0:19:41]} Nb4
{[%clk 0:16:03]} 9. Rb1 {[%clk 0:19:23]} Nxc2+ {[%clk 0:16:00]} 10. Kd2
{[%clk 0:19:01]} Nxe3+ {[%clk 0:15:18]} 11. Kxe3 {[%clk 0:18:54]} Qxb1
{[%clk 0:14:13]} 12. Qxb1 {[%clk 0:18:51]} Kd8 {[%clk 0:13:35]} 13. Bc4
{[%clk 0:18:36]} f6 {[%clk 0:13:07]} 14. Bxg8 {[%clk 0:18:30]} Rxg8
{[%clk 0:13:01]} 15. Qb3 {[%clk 0:18:19]} Re8 {[%clk 0:12:37]} 16. Qc4
{[%clk 0:18:10]} c6 {[%clk 0:12:19]} 17. Nd6 {[%clk 0:18:07]} Re6
{[%clk 0:11:52]} 18. Rd1 {[%clk 0:17:56]} g6 {[%clk 0:11:15]} 19. Nf7+
{[%clk 0:17:39]} Ke7 {[%clk 0:10:48]} 20. Nh6 {[%clk 0:17:22]} f5
{[%clk 0:10:26]} 21. Qc5+ {[%clk 0:17:18]} d6 {[%clk 0:10:03]} 22. Qa3
{[%clk 0:16:56]} g5 {[%clk 0:09:24]} 23. Nxf5+ {[%clk 0:16:12]} Kd7
{[%clk 0:08:50]} 24. Rxd6+ {[%clk 0:16:03]} Rxd6 {[%clk 0:08:38]} 25. Qxd6+
{[%clk 0:16:00]} Ke8 {[%clk 0:08:16]} 26. Qe7# {[%clk 0:15:57]} 1-0

[Event "Nationale pupillendag 2013"]
[Site "Roosendaal"]
[Date "2013.06.15"]
[Round "3.3"]
[White "Nguyen, Lucas"]
[Black "Huang, Qian"]
[Result "1-0"]
[LiveChessVersion "1.4.2"]
[BlackElo "686"]
[WhiteElo "1104"]

1. e4 {[%clk 0:19:59]} e5 {[%clk 0:19:59]} 2. Nf3 {[%clk 0:19:57]} d6
{[%clk 0:19:57]} 3. d4 {[%clk 0:19:56]} Nc6 {[%clk 0:19:56]} 4. d5
{[%clk 0:19:55]} Nce7 {[%clk 0:19:48]} 5. Nc3 {[%clk 0:19:53]} Nf6
{[%clk 0:19:47]} 6. Bg5 {[%clk 0:19:49]} Ng6 {[%clk 0:19:41]} 7. Bb5+
{[%clk 0:19:45]} Bd7 {[%clk 0:19:36]} 8. Bxf6 {[%clk 0:19:22]} gxf6
{[%clk 0:19:33]} 9. Bc4 {[%clk 0:19:05]} Bg7 {[%clk 0:19:28]} 10. Qd2 O-O
{[%clk 0:19:20]} 11. O-O-O {[%clk 0:18:29]} b6 {[%clk 0:18:52]} 12. h3 Re8
{[%clk 0:18:51]} 13. g4 {[%clk 0:17:51]} Re7 {[%clk 0:18:43]} 14. Bb5
{[%clk 0:16:32]} Bxb5 {[%clk 0:18:43]} 15. Nxb5 {[%clk 0:16:31]} Qf8
{[%clk 0:18:40]} 16. Kb1 {[%clk 0:15:50]} a6 {[%clk 0:18:32]} 17. Nc3
{[%clk 0:15:47]} Rc8 {[%clk 0:18:22]} 18. h4 {[%clk 0:15:41]} Nh8
{[%clk 0:18:08]} 19. h5 {[%clk 0:15:24]} Qd8 {[%clk 0:17:52]} 20. Nh4
{[%clk 0:15:19]} a5 {[%clk 0:17:46]} 21. Nf5 {[%clk 0:15:16]} Re8
{[%clk 0:17:39]} 22. a4 {[%clk 0:14:55]} c5 {[%clk 0:17:18]} 23. Qe3
{[%clk 0:14:03]} Qd7 {[%clk 0:16:56]} 24. Nb5 {[%clk 0:13:59]} c4
{[%clk 0:16:33]} 25. Nfxd6 {[%clk 0:13:55]} Rb8 {[%clk 0:16:22]} 26. Nxe8
{[%clk 0:13:52]} Qxe8 {[%clk 0:16:20]} 27. d6 {[%clk 0:13:45]} Qe6
{[%clk 0:16:07]} 28. d7 {[%clk 0:13:27]} Rd8 {[%clk 0:16:05]} 29. Qd2
{[%clk 0:12:44]} Qxg4 {[%clk 0:16:00]} 30. h6 {[%clk 0:12:40]} Bf8
{[%clk 0:15:55]} 31. Rhg1 {[%clk 0:12:39]} Qxg1 {[%clk 0:15:45]} 32. Rxg1+
{[%clk 0:12:37]} Ng6 {[%clk 0:15:43]} 33. Rd1 {[%clk 0:11:27]} Bb4
{[%clk 0:15:37]} 34. Qd5 {[%clk 0:10:37]} Ne7 {[%clk 0:15:17]} 35. Qxc4
{[%clk 0:10:21]} Ng6 {[%clk 0:15:02]} 36. Qc8 {[%clk 0:10:07]} Be7
{[%clk 0:14:51]} 37. Nd6 {[%clk 0:09:55]} Nf8 {[%clk 0:14:44]} 38. Nb7
{[%clk 0:09:52]} Rxc8 {[%clk 0:14:19]} 39. dxc8=Q {[%clk 0:09:47]} Kh8
{[%clk 0:13:41]} 40. Qe8 Bb4 {[%clk 0:13:31]} 41. Qxf7 {[%clk 0:09:36]} Ng6 42.
Qg7# 1-0

[Event "Nationale pupillendag 2013"]
[Site "Roosendaal"]
[Date "2013.06.15"]
[Round "3.4"]
[White "Wijtsma, Aurelius"]
[Black "Schoppen, Jochem"]
[Result "0-1"]
[LiveChessVersion "1.4.2"]
[BlackElo "947"]
[WhiteElo "622"]

1. e4 {[%clk 0:19:59]} c5 {[%clk 0:19:58]} 2. Nf3 d6 3. Nc3 {[%clk 0:19:47]} Nc6
{[%clk 0:19:54]} 4. Bb5 {[%clk 0:19:40]} Bd7 {[%clk 0:19:51]} 5. d4
{[%clk 0:19:24]} cxd4 {[%clk 0:19:33]} 6. Nxd4 {[%clk 0:19:17]} e5
{[%clk 0:19:21]} 7. Nxc6 {[%clk 0:19:10]} bxc6 {[%clk 0:19:17]} 8. Bd3
{[%clk 0:18:51]} Nf6 {[%clk 0:19:09]} 9. Bg5 Be7 10. Qd2 {[%clk 0:18:18]} h6
{[%clk 0:19:03]} 11. Bh4 {[%clk 0:18:03]} O-O {[%clk 0:18:25]} 12. Bxf6
{[%clk 0:17:46]} Bxf6 {[%clk 0:18:15]} 13. O-O {[%clk 0:17:26]} Qb6
{[%clk 0:17:45]} 14. Rab1 {[%clk 0:17:09]} Rfd8 {[%clk 0:17:06]} 15. Na4
{[%clk 0:16:55]} Qd4 {[%clk 0:16:28]} 16. Nc3 {[%clk 0:16:33]} Bg5
{[%clk 0:16:12]} 17. Qe2 {[%clk 0:16:15]} d5 {[%clk 0:15:18]} 18. Rbd1
{[%clk 0:16:07]} Qc5 {[%clk 0:14:54]} 19. Ba6 {[%clk 0:15:51]} d4
{[%clk 0:13:51]} 20. Na4 {[%clk 0:15:23]} Qb4 {[%clk 0:13:00]} 21. b3
{[%clk 0:15:03]} c5 {[%clk 0:12:26]} 22. Nb2 {[%clk 0:14:33]} Rab8
{[%clk 0:10:40]} 23. Bc4 {[%clk 0:14:01]} Bb5 {[%clk 0:10:23]} 24. Bxb5
{[%clk 0:13:32]} Qxb5 {[%clk 0:10:15]} 25. Qxb5 {[%clk 0:13:25]} Rxb5
{[%clk 0:10:11]} 26. Nc4 {[%clk 0:13:10]} f6 {[%clk 0:09:53]} 27. Na3
{[%clk 0:12:43]} Ra5 {[%clk 0:09:32]} 28. Nc4 {[%clk 0:12:22]} Rxa2
{[%clk 0:09:30]} 29. Rc1 {[%clk 0:12:05]} Bxc1 {[%clk 0:09:25]} 30. Rxc1
{[%clk 0:12:02]} d3 {[%clk 0:09:16]} 31. cxd3 {[%clk 0:11:55]} Rxd3
{[%clk 0:09:13]} 32. Rb1 {[%clk 0:11:45]} Rd4 {[%clk 0:08:50]} 33. Ne3
{[%clk 0:11:26]} Rxe4 {[%clk 0:08:47]} 34. g3 {[%clk 0:10:56]} Rb4
{[%clk 0:08:40]} 35. Nc4 {[%clk 0:10:39]} Raa4 {[%clk 0:08:24]} 36. Rb2
{[%clk 0:10:10]} Ra1+ {[%clk 0:08:13]} 37. Kg2 {[%clk 0:10:04]} Rc1
{[%clk 0:08:11]} 38. Na3 {[%clk 0:09:36]} Rc3 {[%clk 0:07:56]} 39. Nc4
{[%clk 0:09:21]} Rcxc4 {[%clk 0:07:39]} 40. Kf3 {[%clk 0:09:12]} Rc3+
{[%clk 0:07:37]} 41. Ke2 {[%clk 0:09:02]} Rcxb3 {[%clk 0:07:34]} 42. Ra2
{[%clk 0:08:38]} Rb2+ {[%clk 0:07:33]} 43. Rxb2 {[%clk 0:08:36]} Rxb2+
{[%clk 0:07:31]} 44. Kd3 a5 45. Kc3 Rb8 46. Kc4 a4 47. Kxc5 {[%clk 0:08:20]} a3
{[%clk 0:07:29]} 48. Kc6 {[%clk 0:08:18]} a2 {[%clk 0:07:27]} 49. Kc7 a1=Q 50.
Kxb8 {[%clk 0:08:11]} Qc1 {[%clk 0:07:22]} 51. Kb7 {[%clk 0:08:08]} Qc5
{[%clk 0:07:18]} 52. f3 {[%clk 0:07:52]} Kf7 {[%clk 0:07:15]} 53. f4
{[%clk 0:07:47]} Ke7 {[%clk 0:07:11]} 54. fxe5 {[%clk 0:07:45]} fxe5
{[%clk 0:07:04]} 55. h4 {[%clk 0:07:40]} Kd6 {[%clk 0:07:02]} 56. Ka6
{[%clk 0:07:30]} Kc6 {[%clk 0:06:59]} 57. h5 Qa3# {[%clk 0:06:39]} 0-1

[Event "Nationale pupillendag 2013"]
[Site "Roosendaal"]
[Date "2013.06.15"]
[Round "3.5"]
[White "Sagynay, Inzhu"]
[Black "Vlad, Mihnea"]
[Result "1-0"]
[LiveChessVersion "1.4.2"]
[BlackElo "723"]
[WhiteElo "560"]

1. e4 {[%clk 0:19:59]} e5 {[%clk 0:18:05]} 2. Nf3 {[%clk 0:19:56]} Nc6
{[%clk 0:18:03]} 3. Bb5 {[%clk 0:19:55]} d6 {[%clk 0:18:01]} 4. d4
{[%clk 0:19:39]} Bg4 {[%clk 0:17:47]} 5. d5 {[%clk 0:19:29]} Bxf3
{[%clk 0:17:42]} 6. Qxf3 {[%clk 0:19:21]} a6 {[%clk 0:17:41]} 7. Bxc6+
{[%clk 0:19:09]} bxc6 {[%clk 0:17:39]} 8. dxc6 {[%clk 0:19:09]} Rb8
{[%clk 0:17:35]} 9. Nc3 {[%clk 0:18:58]} Nf6 {[%clk 0:17:18]} 10. b3
{[%clk 0:18:27]} d5 {[%clk 0:17:13]} 11. exd5 {[%clk 0:18:03]} Bb4
{[%clk 0:17:13]} 12. O-O {[%clk 0:17:38]} Bxc3 {[%clk 0:17:07]} 13. Qxc3
{[%clk 0:17:34]} Nxd5 {[%clk 0:17:04]} 14. Qc5 {[%clk 0:17:08]} Rb5
{[%clk 0:16:52]} 15. Qc4 {[%clk 0:16:37]} Qd6 {[%clk 0:16:39]} 16. Rd1
{[%clk 0:15:37]} Rc5 {[%clk 0:16:35]} 17. Ba3 {[%clk 0:14:48]} Rxc4
{[%clk 0:15:56]} 18. Bxd6 {[%clk 0:14:46]} Rxc6 {[%clk 0:15:37]} 19. Bxe5
{[%clk 0:14:07]} O-O {[%clk 0:15:28]} 20. Rxd5 {[%clk 0:13:58]} Rxc2
{[%clk 0:15:19]} 21. Rdd1 {[%clk 0:13:09]} Re8 {[%clk 0:15:13]} 22. Bf4
{[%clk 0:12:39]} Ree2 {[%clk 0:15:08]} 23. Bg3 {[%clk 0:12:09]} h6
{[%clk 0:14:39]} 24. Kf1 {[%clk 0:11:35]} c6 {[%clk 0:14:17]} 25. Rdc1
{[%clk 0:09:57]} Rxa2 {[%clk 0:13:48]} 26. Rxa2 {[%clk 0:09:55]} Rxa2
{[%clk 0:13:46]} 27. Rxc6 {[%clk 0:09:30]} Rb2 {[%clk 0:13:44]} 28. Rxa6
{[%clk 0:08:51]} Rxb3 {[%clk 0:13:32]} 29. Ra1 {[%clk 0:07:42]} Rb5
{[%clk 0:13:25]} 30. Re1 {[%clk 0:07:21]} Rf5 {[%clk 0:13:17]} 31. Re5
{[%clk 0:07:08]} Rxe5 {[%clk 0:12:45]} 32. Bxe5 {[%clk 0:07:06]} f6
{[%clk 0:12:44]} 33. Bd4 {[%clk 0:07:01]} Kf7 {[%clk 0:12:40]} 34. Ke2
{[%clk 0:07:00]} Kg6 {[%clk 0:12:37]} 35. Kf3 {[%clk 0:06:43]} Kh7
{[%clk 0:12:36]} 36. Kf4 {[%clk 0:06:37]} g6 {[%clk 0:12:35]} 37. Bxf6
{[%clk 0:06:34]} g5+ {[%clk 0:12:28]} 38. Kg4 {[%clk 0:06:33]} Kg6
{[%clk 0:12:25]} 39. Bd4 {[%clk 0:06:27]} h5+ {[%clk 0:12:24]} 40. Kf3
{[%clk 0:06:24]} Kf5 {[%clk 0:12:22]} 41. h3 {[%clk 0:06:17]} h4 {[%clk 0:12:19]}
42. Be3 {[%clk 0:05:24]} g4+ {[%clk 0:11:53]} 43. hxg4+ Kf6 44. g5+
{[%clk 0:05:13]} Kg6 {[%clk 0:11:50]} 45. Kg4 {[%clk 0:05:11]} h3 46. gxh3
{[%clk 0:05:09]} Kg7 {[%clk 0:11:47]} 47. f4 {[%clk 0:05:07]} Kh8
{[%clk 0:11:46]} 48. f5 {[%clk 0:05:01]} Kg8 {[%clk 0:11:44]} 49. g6
{[%clk 0:04:59]} Kh8 {[%clk 0:11:44]} 50. f6 {[%clk 0:04:40]} Kg8
{[%clk 0:11:43]} 1-0

[Event "Nationale pupillendag 2013"]
[Site "Roosendaal"]
[Date "2013.06.15"]
[Round "3.6"]
[White "Van der Heyden, Yacoub"]
[Black "Kudlicka, Marek"]
[Result "0-1"]
[LiveChessVersion "1.4.2"]
[BlackElo "617"]
[WhiteElo "823"]

1. e4 e5 2. Nf3 {[%clk 0:19:58]} Nc6 {[%clk 0:19:59]} 3. Nc3 {[%clk 0:19:56]} Nf6
{[%clk 0:19:56]} 4. Bc4 {[%clk 0:19:55]} Bc5 {[%clk 0:19:55]} 5. O-O
{[%clk 0:19:53]} d6 {[%clk 0:19:54]} 6. h3 {[%clk 0:19:51]} O-O {[%clk 0:19:51]}
7. d3 {[%clk 0:19:50]} h6 {[%clk 0:19:48]} 8. Be3 {[%clk 0:19:49]} a6
{[%clk 0:19:48]} 9. a4 {[%clk 0:19:48]} Bd7 {[%clk 0:19:23]} 10. Qd2
{[%clk 0:19:41]} Bxe3 {[%clk 0:19:23]} 11. fxe3 {[%clk 0:19:41]} Be6
{[%clk 0:19:07]} 12. b3 {[%clk 0:19:30]} a5 {[%clk 0:19:04]} 13. Nd5
{[%clk 0:19:18]} Bxd5 {[%clk 0:19:01]} 14. exd5 {[%clk 0:19:07]} Nxd5
{[%clk 0:19:01]} 15. Bxd5 {[%clk 0:19:05]} Qd7 {[%clk 0:18:42]} 16. Bxc6
{[%clk 0:18:52]} Qxc6 {[%clk 0:18:41]} 17. d4 {[%clk 0:18:41]} e4
{[%clk 0:18:37]} 18. Nh4 {[%clk 0:18:31]} Qd5 {[%clk 0:18:29]} 19. c4
{[%clk 0:18:20]} Qg5 {[%clk 0:18:27]} 20. Qf2 {[%clk 0:18:18]} c6
{[%clk 0:18:21]} 21. Qf4 {[%clk 0:18:00]} Qxf4 {[%clk 0:18:09]} 22. Rxf4
{[%clk 0:17:58]} d5 {[%clk 0:18:05]} 23. cxd5 {[%clk 0:17:53]} cxd5
{[%clk 0:18:04]} 24. Rc1 {[%clk 0:17:49]} b6 {[%clk 0:18:04]} 25. Rc7
{[%clk 0:17:44]} g5 {[%clk 0:17:51]} 26. Rf6 {[%clk 0:17:23]} gxh4
{[%clk 0:17:47]} 27. Rxh6 {[%clk 0:17:22]} Rac8 {[%clk 0:17:36]} 28. Rxc8
{[%clk 0:17:16]} Rxc8 29. Rxb6 {[%clk 0:17:07]} Rc3 {[%clk 0:17:30]} 30. b4
{[%clk 0:16:43]} axb4 {[%clk 0:17:24]} 31. Rxb4 {[%clk 0:16:41]} Rxe3
{[%clk 0:17:22]} 32. Rb8+ {[%clk 0:16:34]} Kg7 {[%clk 0:17:21]} 33. a5
{[%clk 0:16:24]} Rd3 {[%clk 0:17:20]} 34. a6 {[%clk 0:16:23]} e3 {[%clk 0:17:17]}
35. Re8 {[%clk 0:16:02]} Ra3 {[%clk 0:17:11]} 36. Kf1 {[%clk 0:15:51]} Rxa6
{[%clk 0:16:43]} 37. Rxe3 Ra4 38. Rd3 {[%clk 0:15:32]} Kg6 {[%clk 0:16:41]} 39.
Ke2 {[%clk 0:15:31]} f5 {[%clk 0:16:39]} 40. Kf3 {[%clk 0:15:25]} Kg5
{[%clk 0:16:38]} 41. g3 {[%clk 0:15:02]} hxg3 {[%clk 0:16:33]} 42. Kxg3
{[%clk 0:15:00]} f4+ 43. Kf3 {[%clk 0:14:56]} Ra1 {[%clk 0:16:20]} 44. Rd2
{[%clk 0:14:39]} Rf1+ {[%clk 0:16:14]} 45. Kg2 {[%clk 0:14:27]} Re1
{[%clk 0:16:00]} 46. Kf3 {[%clk 0:14:20]} Rf1+ {[%clk 0:15:53]} 47. Ke2
{[%clk 0:14:10]} Rh1 {[%clk 0:15:50]} 48. Rd3 {[%clk 0:13:55]} Kh4
{[%clk 0:15:47]} 49. Kf3 {[%clk 0:13:52]} Rxh3+ {[%clk 0:15:40]} 50. Ke2
{[%clk 0:13:48]} Rxd3 {[%clk 0:15:35]} 51. Kxd3 {[%clk 0:13:47]} Kg3
{[%clk 0:15:33]} 52. Ke2 {[%clk 0:13:41]} f3+ {[%clk 0:15:27]} 53. Kd2
{[%clk 0:13:30]} 0-1

[Event "Nationale pupillendag 2013"]
[Site "Roosendaal"]
[Date "2013.06.15"]
[Round "3.7"]
[White "Lu, LiQin"]
[Black "Rutjens, Mika"]
[Result "0-1"]
[LiveChessVersion "1.4.2"]
[BlackElo "613"]
[WhiteElo "714"]

1. e4 {[%clk 0:19:57]} e5 {[%clk 0:19:58]} 2. Nf3 {[%clk 0:19:54]} Nc6
{[%clk 0:19:55]} 3. Bc4 {[%clk 0:19:49]} Bc5 {[%clk 0:19:53]} 4. c3
{[%clk 0:19:46]} Nf6 {[%clk 0:19:46]} 5. d4 {[%clk 0:19:39]} exd4
{[%clk 0:19:42]} 6. cxd4 {[%clk 0:19:33]} Bb4+ {[%clk 0:19:36]} 7. Nc3
{[%clk 0:19:27]} Bxc3+ {[%clk 0:19:29]} 8. bxc3 {[%clk 0:19:21]} Nxe4
{[%clk 0:19:16]} 9. O-O {[%clk 0:18:52]} Nf6 {[%clk 0:19:09]} 10. Re1+
{[%clk 0:18:38]} Ne7 {[%clk 0:19:05]} 11. Bg5 {[%clk 0:18:22]} O-O
{[%clk 0:18:38]} 12. Bxf6 {[%clk 0:18:16]} gxf6 {[%clk 0:18:35]} 13. d5
{[%clk 0:17:46]} d6 {[%clk 0:18:11]} 14. Qe2 {[%clk 0:17:38]} Ng6
{[%clk 0:18:06]} 15. Rad1 {[%clk 0:17:07]} Bg4 {[%clk 0:18:00]} 16. h3
{[%clk 0:16:45]} Bxf3 {[%clk 0:17:52]} 17. Qxf3 {[%clk 0:16:40]} Ne5
{[%clk 0:17:36]} 18. Qf4 {[%clk 0:16:20]} Nxc4 {[%clk 0:17:07]} 19. Qxc4
{[%clk 0:16:09]} Rc8 {[%clk 0:16:52]} 20. Qg4+ {[%clk 0:16:02]} Kh8
{[%clk 0:16:48]} 21. Rd3 {[%clk 0:15:50]} Rg8 {[%clk 0:16:43]} 22. Qf4
{[%clk 0:15:22]} Qd7 {[%clk 0:16:22]} 23. Qxf6+ {[%clk 0:14:59]} Rg7
{[%clk 0:16:14]} 24. Rg3 {[%clk 0:14:45]} Rcg8 {[%clk 0:16:10]} 25. Re7
{[%clk 0:14:10]} Qb5 {[%clk 0:15:35]} 26. Rxc7 {[%clk 0:13:48]} Qb1+
{[%clk 0:15:19]} 27. Kh2 {[%clk 0:13:37]} Qe4 {[%clk 0:14:33]} 28. Rc8
{[%clk 0:13:27]} Qe5 {[%clk 0:13:54]} 29. Qxg7+ {[%clk 0:12:28]} Qxg7
{[%clk 0:13:45]} 30. Rxg7 {[%clk 0:12:21]} Kxg7 {[%clk 0:13:41]} 31. Rc7
{[%clk 0:12:08]} Rb8 {[%clk 0:13:36]} 32. Rd7 {[%clk 0:11:56]} Rc8
{[%clk 0:13:07]} 33. Rxd6 {[%clk 0:11:27]} Rxc3 {[%clk 0:13:04]} 34. Rd7
{[%clk 0:11:16]} Rd3 {[%clk 0:13:02]} 35. Rxb7 {[%clk 0:10:36]} Rxd5
{[%clk 0:12:58]} 36. Rxa7 {[%clk 0:10:25]} Rd2 {[%clk 0:12:52]} 37. Kg3
{[%clk 0:10:10]} Kg6 {[%clk 0:12:46]} 38. Kg4 {[%clk 0:09:47]} Rxf2
{[%clk 0:12:40]} 39. Kg3 {[%clk 0:09:26]} Rf5 {[%clk 0:12:32]} 40. Rb7
{[%clk 0:09:10]} Ra5 {[%clk 0:12:19]} 41. Rb2 {[%clk 0:09:01]} h5
{[%clk 0:11:59]} 42. Kh4 {[%clk 0:08:43]} f5 {[%clk 0:11:47]} 43. Kg3
{[%clk 0:08:17]} Ra3+ {[%clk 0:11:36]} 44. Rb3 {[%clk 0:08:02]} Rxa2
{[%clk 0:11:20]} 45. Rb6+ {[%clk 0:07:49]} Kg7 {[%clk 0:11:11]} 46. Kf4
{[%clk 0:07:24]} Rxg2 {[%clk 0:11:06]} 47. Kxf5 {[%clk 0:07:06]} Rg3
{[%clk 0:10:49]} 48. h4 {[%clk 0:06:33]} Rg4 {[%clk 0:10:38]} 49. Rf6
{[%clk 0:05:56]} Rxh4 {[%clk 0:10:13]} 50. Kg5 {[%clk 0:05:52]} Rg4+
{[%clk 0:10:01]} 51. Kxh5 {[%clk 0:05:47]} Rg3 {[%clk 0:09:55]} 52. Kh4
{[%clk 0:05:40]} Rg6 {[%clk 0:09:52]} 53. Rb6 {[%clk 0:05:31]} Rxb6
{[%clk 0:09:50]} 54. Kg5 {[%clk 0:05:28]} Rb5+ {[%clk 0:09:49]} 55. Kf4
{[%clk 0:05:26]} Kf6 {[%clk 0:09:48]} 56. Ke4 {[%clk 0:05:26]} Re5+
{[%clk 0:09:44]} 57. Kf4 {[%clk 0:05:21]} Ke6 {[%clk 0:09:43]} 58. Kf3
{[%clk 0:05:17]} Kf5 {[%clk 0:09:41]} 59. Kg3 {[%clk 0:05:15]} Re4
{[%clk 0:09:40]} 60. Kf3 {[%clk 0:05:14]} Ke5 {[%clk 0:09:38]} 61. Kg3
{[%clk 0:05:12]} Rf4 {[%clk 0:09:37]} 62. Kg2 {[%clk 0:05:10]} Kf5
{[%clk 0:09:32]} 63. Kg3 {[%clk 0:05:09]} Kg5 {[%clk 0:09:31]} 64. Kg2
{[%clk 0:05:08]} Kg4 {[%clk 0:09:30]} 65. Kh2 {[%clk 0:04:57]} Rf3
{[%clk 0:09:28]} 66. Kg2 {[%clk 0:04:55]} Kf4 {[%clk 0:09:27]} 67. Kh2
{[%clk 0:04:51]} Rg3 {[%clk 0:09:26]} 68. Kh1 {[%clk 0:04:48]} Rg8
{[%clk 0:09:24]} 69. Kh2 {[%clk 0:04:46]} Kf3 {[%clk 0:09:22]} 70. Kh1
{[%clk 0:04:41]} Kf2 {[%clk 0:09:21]} 71. Kh2 {[%clk 0:04:40]} Rh8# 0-1